LEADER 02047nam a2200409 u 4500 001 000000116569 003 CaOOAMICUS 005 20090703120419.0 008 090703s2009 it u000 u ita r 040 $aPUL$bita$dLDB 041 1 $aita$alat$hlat 100 1 $aMartialis, Marcus Valerius,$d40-101?.$0(OLS)http://pul/name/4072 240 10$aEpigrammaton Libri.$lItaliano e latino.$0(OLS)http://pul/title/146493 245 10$aEpigrammi :$b(Il libro degli spettacoli libri I-XIV) /$cMarco Valerio Marziale ; saggio introduttivo e introduzione di Mario Citroni ; traduzione di Mario Scāndola ; note di Elena Merli. 260 $aMilano :$bR.C.S. Libri ;$aMilano :$bBUR,$cc2009. 300 $a1214 p. ;$c19 cm. 490 1 $aGrandi classici greci e latini ;$v28 504 $aBibliografia e indici. 546 $aTesto latino a fronte. 700 1 $aScāndola, Mario.$0(OLS)http://pul/name/72408 700 1 $aCitroni, Mario.$0(OLS)http://pul/name/72407 700 1 $aMerli, Elena.$0(OLS)http://pul/name/72409 700 1 $aMartialis, Marcus Valerius,$d40-101?.$tEpigrammata.$0(OLS)http://pul/nameTitle/291$0(OLS)http://pul/name/4072$0(OLS)http://pul/title/132059 830 0$aGrandi classici greci e latini ;$v28.$0(OLS)http://pul/title/143635 850 $aPUL 852 $aPUL$W1$xSL Cons. Gen., Altre Classi 3$y75$m880 COLL 2.28$j133610$qDDC 21$B132643$CPULBib$Z2$F132643 $H111002 $82 900 $aMarziale, M. Valerio,$d40-101?$94072 900 $aMartialis, M. Valerius,$d40-101?$94072 900 $aMarziale,$d40-101?$94072 900 $aOvidio Nasone, Publio,$d43 a.C.-17/18 d.C.$94714 900 $aMarziale, M. Valerio,$d40-101?$94072 900 $aMartialis, M. Valerius,$d40-101?$94072 900 $aMarziale,$d40-101?$94072 941 1 $a9 996 $6245$aEpigrammi :$b(Il libro degli spettacoli libri I-XIV)$9(OLS)http://pul/title/146494 996 $6260$aMilano :$bR.C.S. Libri$9(OLS)http://pul/publisher/74600 996 $6260$aMilano :$bBUR$9(OLS)http://pul/publisher/70068 LEADER 01174nam a2200289 u 4500 001 000000053222 003 CaOOAMICUS 005 20220110162124.0 008 001110s1923 it u000 u ita u 032 $aLibriCat 035 $a10860791 040 $aPUL(R)$bita 100 0 $aFranciscus Assisiensis,$cs.,$d1182-1226.$0(OLS)http://pul/name/424 245 12$aI fioretti di S. Francesco /$ccon introduzione e commento di Francesco Maggini. 260 $aMilano :$bF. Vallardi,$c1923. 300 $axxviii, 133 p. ;$c21 cm 490 1 $aBiblioteca di classici italiani annotati 504 $aBibliografia in nota. 700 1 $aMaggini, Francesco.$0(OLS)http://pul/name/12399 830 0$aBiblioteca di classici italiani annotati.$0(OLS)http://pul/title/71383 850 $aPUL 852 $aPUL$W1$xDP1 Fondo Ciprotti$y59$m1549 C 29$j70250$nBK-PRI$b $qFondi$B70250$CPULBib$Z2$F70250 $H $81 900 $aFrancesco d'Assisi,$cs.,$d1182-1226$9424 941 1 $a1 996 $6245$aI fioretti di S. Francesco$9(OLS)http://pul/title/71382 996 $6260$aMilano :$bF. Vallardi$9(OLS)http://pul/publisher/47935